[Event "BL 1011 (Women)"]
[White "Mikliaeva, Darja S"]
[Black "Schmidt, Jade"]
[Site "Germany"]
[Round "7.6"]
[Result "0-1"]
[Date "2011.01.30"]
[WhiteElo "2144"]
[BlackElo "2048"]
[PlyCount "92"]
[EventDate "2010.11.06"]
[EventType "team-tourn"]
[EventRounds "11"]
[EventCountry "GER"]
[SourceTitle "EXT 2012"]
[Source "ChessBase"]
[SourceDate "2011.11.24"]
[SourceVersion "1"]
[SourceVersionDate "2011.11.24"]
[SourceQuality "1"]
[WhiteTeam "Bad Koenigshofen (W)"]
[BlackTeam "Hamburger SK (W)"]
[WhiteTeamCountry "GER"]
[BlackTeamCountry "GER"]

1. e4 c5 2. Nf3 d6 3. d4 cxd4 4. Nxd4 Nf6 5. Nc3 Nc6 6. Bc4 e6 7. Be3 a6 8. Bb3 Be7 9. Qe2 Qc7 10. 0-0-0 Na5 11. g4 b5 12. g5 Nxb3+ 13. Nxb3 Nd7 14. f4 Bb7 15. Rd4 Rc8 16. Rf1 Nb6 17. Kb1 Nc4 18. Bc1 b4 19. Nd1 e5 20. Rxc4 Qxc4 21. Qxc4 Rxc4 22. Na5 Rc7 23. Nxb7 Rxb7 24. f5 f6 25. h4 d5 26. exd5 Rd7 27. c4 bxc3 28. Nxc3 Rf8 29. g6 hxg6 30. fxg6 Rh8 31. Rh1 Bb4 32. Ne4 Rxd5 33. h5 Bf8 34. h6 Ke7 35. h7 Ke6 36. Rg1 Rd4 37. Nf2 Bc5 38. Rg2 Rh4 39. Ng4 Bf8 40. Nh6 gxh6 41. g7 Bxg7 42. Rxg7 Kf5 43. Ra7 Rh1 44. Rc7 Kg6 45. Kc2 Rxh7 46. Rc6 h5 0-1

[Event "BL 0910 (Women)"]
[White "Mikliaeva, Darja S"]
[Black "Schmidt, Jessica"]
[Site "Germany"]
[Round "11.5"]
[Result "0-1"]
[Date "2010.03.28"]
[WhiteElo "2162"]
[BlackElo "2237"]
[PlyCount "80"]
[EventDate "2009.11.07"]
[EventType "team-tourn"]
[EventRounds "11"]
[EventCountry "GER"]
[SourceTitle "CBM 133 Extra"]
[Source "ChessBase"]
[SourceDate "2010.01.05"]
[SourceVersion "1"]
[SourceVersionDate "2010.01.05"]
[SourceQuality "1"]
[WhiteTeam "Bad Koenigshofen (W)"]
[BlackTeam "Karlsruhe 1853 (W)"]
[WhiteTeamCountry "GER"]
[BlackTeamCountry "GER"]

1. e4 e5 2. Nf3 d6 3. d4 Nd7 4. Bc4 c6 5. 0-0 Be7 6. a4 Ngf6 7. Nc3 0-0 8. Ba2 b6 9. b4 a5 10. b5 cxb5 11. Nxb5 Bb7 12. dxe5 Nxe5 13. Nxe5 dxe5 14. f3 Rc8 15. Qe2 Bc5+ 16. Kh1 h6 17. Bb2 Qe7 18. Rad1 Rfd8 19. Rxd8+ Rxd8 20. Rd1 Rxd1+ 21. Qxd1 Bxe4 22. Qe2 Bg6 23. Bb3 e4 24. Bd4 Bxd4 25. Nxd4 Qc5 26. Qc4 exf3 27. gxf3 Qg5 28. Ne2 Qe3 29. Kg2 Nh5 30. c3 Kh7 31. Bd1 Qg5+ 32. Kf2 Qf6 33. Qd4 Qc6 34. Qe3 Qd6 35. Ke1 Qxh2 36. Qxb6 Qh1+ 37. Kd2 Qxf3 38. Qxa5 Qd3+ 39. Kc1 Qe3+ 40. Kb2 Qd2+ 0-1

[Event "BL 0910 (Women)"]
[White "Duppel, Tina"]
[Black "Mikliaeva, Darja S"]
[Site "Germany"]
[Round "10.5"]
[Result "1/2-1/2"]
[Date "2010.03.27"]
[WhiteElo "2246"]
[BlackElo "2162"]
[PlyCount "44"]
[EventDate "2009.11.07"]
[EventType "team-tourn"]
[EventRounds "11"]
[EventCountry "GER"]
[SourceTitle "CBM 133 Extra"]
[Source "ChessBase"]
[SourceDate "2010.01.05"]
[SourceVersion "1"]
[SourceVersionDate "2010.01.05"]
[SourceQuality "1"]
[WhiteTeam "Baden-Baden (W)"]
[BlackTeam "Bad Koenigshofen (W)"]
[WhiteTeamCountry "GER"]
[BlackTeamCountry "GER"]

1. e4 c5 2. Nf3 d6 3. d4 cxd4 4. Nxd4 Nf6 5. Nc3 Nc6 6. Bg5 Bd7 7. Qd2 Nxd4 8. Qxd4 Qa5 9. f4 h6 10. Bxf6 gxf6 11. 0-0-0 Rg8 12. g3 Rc8 13. Bg2 Bg7 14. Rhe1 Bc6 15. Bh3 Rd8 16. Qe3 Qc5 17. Nd5 Qxe3+ 18. Rxe3 e6 19. Nb4 Ke7 20. Nd5+ Kf8 21. Nb4 Ke7 22. Nd5+ Kf8 1/2-1/2

[Event "BL 0809 (Women)"]
[White "Heyme, Sibylle"]
[Black "Mikliaeva, Darja S"]
[Site "Germany"]
[Round "4.4"]
[Result "0-1"]
[Date "2008.12.07"]
[WhiteElo "2129"]
[BlackElo "2136"]
[PlyCount "98"]
[EventDate "2008.11.08"]
[EventType "team-tourn"]
[EventRounds "11"]
[EventCountry "GER"]
[SourceTitle "EXT 2010"]
[Source "ChessBase"]
[SourceDate "2010.11.25"]
[SourceVersion "1"]
[SourceVersionDate "2010.11.25"]
[SourceQuality "1"]
[WhiteTeam "Pankow Rotation (W)"]
[BlackTeam "Bad Koenigshofen (W)"]
[WhiteTeamCountry "GER"]
[BlackTeamCountry "GER"]

1. e4 c5 2. Nf3 d6 3. d4 cxd4 4. Nxd4 Nf6 5. Nc3 Nc6 6. Be3 e6 7. f3 Be7 8. Qd2 a6 9. 0-0-0 0-0 10. Kb1 Qc7 11. g4 b5 12. h4 Nd7 13. g5 Nde5 14. f4 Nxd4 15. Qxd4 Nc4 16. Bc1 Bb7 17. Rh3 Rac8 18. Bd3 b4 19. Ne2 d5 20. exd5 Bxd5 21. h5 Bc5 22. Bxh7+ Kxh7 23. Qd3+ Kg8 24. g6 Nd6 25. gxf7+ Rxf7 26. h6 Nf5 27. hxg7 Rxg7 28. b3 Rh7 29. Bb2 Rxh3 30. Qxh3 Qh7 31. Qd3 a5 32. Qa6 Qb7 33. Qd3 Be4 34. Qh3 Qh7 35. Qg4+ Kf7 36. Rd7+ Be7 37. Qg5 Rg8 38. Qf6+ Ke8 39. Qxe6 Bxc2+ 40. Ka1 Qh1+ 41. Bc1 Rg6 42. Qxg6+ Kxd7 43. Kb2 Qd1 44. Qa6 Nd6 45. Qa7+ Ke8 46. Qe3 a4 47. Nd4 a3+ 48. Ka1 Ne4 49. Nc6 Bc5 0-1

[Event "Bayern-ch (Women) 77th"]
[White "Mikliaeva, Darja S"]
[Black "Specht, Maria"]
[Site "Bad Woerishofen"]
[Round "7"]
[Result "1-0"]
[Date "2006.08.31"]
[WhiteElo "2079"]
[BlackElo "1831"]
[PlyCount "83"]
[EventDate "2006.08.26"]
[EventType "swiss"]
[EventRounds "9"]
[EventCountry "GER"]
[SourceTitle "EXT 2007"]
[Source "ChessBase"]
[SourceDate "2006.11.23"]
[SourceVersion "1"]
[SourceVersionDate "2006.11.23"]
[SourceQuality "1"]

1. e4 c5 2. Nf3 d6 3. d4 cxd4 4. Nxd4 Nf6 5. Nc3 g6 6. Be3 Bg7 7. f3 a6 8. Qd2 Nc6 9. 0-0-0 Nxd4 10. Bxd4 0-0 11. g4 Qa5 12. Kb1 b5 13. Nd5 Qd8 14. Nxf6+ exf6 15. Bc3 Be6 16. Qxd6 Qc8 17. Be2 a5 18. Bxb5 a4 19. Bd7 Bxd7 20. Qxd7 a3 21. Qxc8 Rfxc8 22. Rd3 axb2 23. Bxb2 Ra6 24. Rhd1 Bh6 25. Rd8+ Rxd8 26. Rxd8+ Kg7 27. h4 Bf4 28. g5 Be5 29. Bxe5 fxe5 30. Rd5 Ra3 31. Rd3 Ra7 32. Kb2 h6 33. c4 f6 34. gxf6+ Kxf6 35. Rd6+ Kg7 36. c5 Rf7 37. c6 Rxf3 38. c7 Rf2+ 39. Kb3 Rf3+ 40. Kb4 Rf4 41. c8Q Rxe4+ 42. Kc3 1-0

[Event "Bayern-ch (Women) 77th"]
[White "Hackbarth, Christa"]
[Black "Mikliaeva, Darja S"]
[Site "Bad Woerishofen"]
[Round "2"]
[Result "1/2-1/2"]
[Date "2006.08.27"]
[WhiteElo "1819"]
[BlackElo "2079"]
[PlyCount "41"]
[EventDate "2006.08.26"]
[EventType "swiss"]
[EventRounds "9"]
[EventCountry "GER"]
[SourceTitle "EXT 2007"]
[Source "ChessBase"]
[SourceDate "2006.11.23"]
[SourceVersion "1"]
[SourceVersionDate "2006.11.23"]
[SourceQuality "1"]

1. d4 f5 2. Bf4 Nf6 3. Nf3 e6 4. c3 Be7 5. Nbd2 b6 6. h3 Bb7 7. e3 0-0 8. Be2 c5 9. 0-0 Nc6 10. Nc4 Ne4 11. d5 exd5 12. Qxd5+ Kh8 13. Rad1 d6 14. Bxd6 Nd4 15. Qxb7 Nxe2+ 16. Kh1 Nxd6 17. Nxd6 Bxd6 18. Rd2 Nxc3 19. bxc3 Qe7 20. Qc6 Rad8 21. Rfd1 1/2-1/2

[Event "Bad Koenigshofen op (Women)"]
[White "Mikliaeva, Darja S"]
[Black "Just, Anita"]
[Site "Bad Koenigshofen"]
[Round "6.3"]
[Result "1-0"]
[Date "2006.08.09"]
[WhiteElo "2164"]
[BlackElo "1917"]
[PlyCount "51"]
[EventDate "2006.08.04"]
[EventType "swiss"]
[EventRounds "9"]
[EventCountry "GER"]
[SourceTitle "CBM 113 Extra"]
[Source "ChessBase"]
[SourceDate "2006.09.14"]
[SourceVersion "1"]
[SourceVersionDate "2006.09.14"]
[SourceQuality "1"]

1. f4 d5 2. Nf3 Nc6 3. e3 Nf6 4. d4 Bd7 5. Bd3 e6 6. c3 Bd6 7. Nbd2 Ne7 8. Ne5 c5 9. 0-0 Qc7 10. a4 c4 11. Bc2 Rf8 12. Ndf3 0-0-0 13. b3 cxb3 14. Bxb3 Qxc3 15. Bd2 Qc7 16. Rc1 Nc6 17. a5 Kb8 18. Ba4 Ne4 19. a6 Nxd2 20. Qxd2 Bxe5 21. Nxe5 Qd6 22. Qb2 Na5 23. Nxd7+ Rxd7 24. Bxd7 Qxd7 25. Qb4 Qd8 26. Ra1 1-0

[Event "Bad Koenigshofen op (Women)"]
[White "Mikliaeva, Darja S"]
[Black "Kierzek, Mira"]
[Site "Bad Koenigshofen"]
[Round "4.3"]
[Result "1-0"]
[Date "2006.08.07"]
[WhiteElo "2164"]
[BlackElo "2088"]
[PlyCount "123"]
[EventDate "2006.08.04"]
[EventType "swiss"]
[EventRounds "9"]
[EventCountry "GER"]
[SourceTitle "CBM 113 Extra"]
[Source "ChessBase"]
[SourceDate "2006.09.14"]
[SourceVersion "1"]
[SourceVersionDate "2006.09.14"]
[SourceQuality "1"]

1. e4 c6 2. d4 d5 3. Nc3 dxe4 4. Nxe4 Bf5 5. Ng3 Bg6 6. Nf3 Nd7 7. h4 h6 8. h5 Bh7 9. Bd3 Bxd3 10. Qxd3 e6 11. c4 Ngf6 12. Bd2 Qc7 13. b4 Bd6 14. Ne4 Nxe4 15. Qxe4 Nf6 16. Qe2 Qe7 17. Rb1 Rd8 18. Rb3 Bb8 19. Rh4 a6 20. Re3 Bd6 21. a3 0-0 22. g3 a5 23. c5 Bc7 24. b5 b6 25. cxb6 Bxb6 26. Ne5 Rd5 27. Nxc6 Qd7 28. Rd3 Rxb5 29. Rc3 Rb1+ 30. Bc1 Nd5 31. Rc4 Bd8 32. Re4 Be7 33. Qc2 Rb5 34. Qa4 Rb6 35. Nxe7+ Qxe7 36. Qxa5 Rb1 37. Rc2 Rfb8 38. Qxd5 Qxa3 39. Qc5 Qf3 40. Re3 Qh1+ 41. Kd2 R1b5 42. Qc3 Rxh5 43. Re1 Qg2 44. Kd1 Rf5 45. f4 Qh3 46. Qf3 Rfb5 47. Rh1 Qf5 48. g4 Qg6 49. Rc3 Rb1 50. Rh2 Qf6 51. Qe4 R1b4 52. Be3 Rd8 53. Ke1 Rdb8 54. Rhc2 Qd8 55. Bf2 Rb1+ 56. Ke2 R1b4 57. Kf1 Qd7 58. Kg2 e5 59. fxe5 g6 60. Rc7 Qe6 61. R2c6 Qe8 62. e6 1-0

[Event "Bad Koenigshofen op (Women)"]
[White "Krumbke, Nadine"]
[Black "Mikliaeva, Darja S"]
[Site "Bad Koenigshofen"]
[Round "3.4"]
[Result "0-1"]
[Date "2006.08.06"]
[WhiteElo "1683"]
[BlackElo "2164"]
[PlyCount "38"]
[EventDate "2006.08.04"]
[EventType "swiss"]
[EventRounds "9"]
[EventCountry "GER"]
[SourceTitle "CBM 113 Extra"]
[Source "ChessBase"]
[SourceDate "2006.09.14"]
[SourceVersion "1"]
[SourceVersionDate "2006.09.14"]
[SourceQuality "1"]

1. e4 c5 2. Nf3 d6 3. d4 cxd4 4. Nxd4 Nf6 5. Nc3 Nc6 6. Be2 e5 7. Nb3 a5 8. a4 Be6 9. Nd2 Nd4 10. Nf3 Nxe2 11. Qxe2 Rc8 12. Qb5+ Bd7 13. Qb3 Be7 14. Be3 Bc6 15. Bb6 Qd7 16. Rd1 Qg4 17. 0-0 Nxe4 18. Nxe4 Bxe4 19. Ne1 Qxd1 0-1

[Event "Halle-chT (Women)"]
[White "Mikliaeva, Darja S"]
[Black "Lakos, Nikoletta"]
[Site "Halle"]
[Round "1.2"]
[Result "1/2-1/2"]
[Date "2005.04.14"]
[WhiteElo "2084"]
[BlackElo "2342"]
[PlyCount "87"]
[EventDate "2005.04.14"]
[EventType "team-tourn"]
[EventRounds "5"]
[EventCountry "GER"]
[SourceTitle "CBM 105 Extra"]
[Source "ChessBase"]
[SourceDate "2005.05.01"]
[SourceVersion "1"]
[SourceVersionDate "2005.05.01"]
[SourceQuality "1"]

1. e4 c5 2. Nf3 Nc6 3. d4 cxd4 4. Nxd4 Qc7 5. Nc3 e6 6. Be2 a6 7. 0-0 Nf6 8. Kh1 Bb4 9. Nxc6 bxc6 10. Qd4 Be7 11. e5 Nd5 12. f4 f5 13. Bf3 Rb8 14. Nxd5 cxd5 15. Be3 Rb4 16. Qc3 Rc4 17. Qb3 Rb4 18. Qc3 Rc4 19. Qd3 Rxc2 20. Rac1 Rc6 21. g4 fxg4 22. Bxg4 0-0 23. Rxc6 dxc6 24. Rc1 Qb7 25. Kg1 Bd7 26. b3 Qb5 27. Qxb5 axb5 28. Be2 Ra8 29. Rc2 Kf7 30. Bd3 g6 31. Kf2 Rc8 32. Bc5 Bxc5+ 33. Rxc5 Ra8 34. Bb1 Ke7 35. Ke3 Kd8 36. Kd4 Kc7 37. Rc3 Rf8 38. Rf3 Kb6 39. b4 Be8 40. h4 Bd7 41. Bc2 Ra8 42. a3 Rf8 43. Bd1 Bc8 44. Kc3 1/2-1/2

[Event "Unterfranken-ch M1 56th"]
[White "Mikliaeva, Darja S"]
[Black "Steinhauser, Thomas"]
[Site "Stetten"]
[Round "6"]
[Result "1-0"]
[Date "2005.03.31"]
[WhiteElo "2122"]
[BlackElo "1950"]
[PlyCount "51"]
[EventDate "2005.03.28"]
[EventType "swiss"]
[EventRounds "9"]
[EventCountry "GER"]
[SourceTitle "EXT 2015"]
[Source "ChessBase"]
[SourceDate "2014.11.20"]
[SourceVersion "1"]
[SourceVersionDate "2014.11.20"]
[SourceQuality "1"]

1. e4 e5 2. Nf3 Nf6 3. Nc3 Nc6 4. Bb5 d6 5. h3 Bd7 6. 0-0 Be7 7. d3 0-0 8. Ne2 Nh5 9. g4 Qc8 10. gxh5 Bxh3 11. Ng3 f5 12. Bxc6 bxc6 13. exf5 Rxf5 14. Nxf5 Qxf5 15. Nh2 Rf8 16. f4 Bxf1 17. Nxf1 exf4 18. Qf3 Qg5+ 19. Kh1 Qh4+ 20. Nh2 Qe1+ 21. Qf1 Qh4 22. Qe2 f3 23. Qe6+ Kh8 24. Be3 f2 25. Rf1 Qxh5 26. Qxe7 1-0

[Event "Unterfranken-ch M1 56th"]
[White "Mikliaeva, Darja S"]
[Black "Braeutigam, Thomas"]
[Site "Stetten"]
[Round "4"]
[Result "1/2-1/2"]
[Date "2005.03.29"]
[WhiteElo "2122"]
[BlackElo "2096"]
[PlyCount "44"]
[EventDate "2005.03.28"]
[EventType "swiss"]
[EventRounds "9"]
[EventCountry "GER"]
[SourceTitle "EXT 2015"]
[Source "ChessBase"]
[SourceDate "2014.11.20"]
[SourceVersion "1"]
[SourceVersionDate "2014.11.20"]
[SourceQuality "1"]

1. e4 c5 2. Nf3 Nc6 3. d4 cxd4 4. Nxd4 Nf6 5. Nc3 e5 6. Ndb5 d6 7. Bg5 a6 8. Na3 b5 9. Nd5 Be7 10. Bxf6 Bxf6 11. c3 Bg5 12. Nc2 Be6 13. Nce3 0-0 14. h4 Bxe3 15. Nxe3 b4 16. Bc4 bxc3 17. bxc3 Qa5 18. 0-0 Bxc4 19. Nxc4 Qxc3 20. Rc1 Qb4 21. a3 Qb8 22. Nxd6 Nd4 1/2-1/2

[Event "Unterfranken-ch M1 55th"]
[White "Seidens, Udo"]
[Black "Mikliaeva, Darja S"]
[Site "Bad Koenigshofen"]
[Round "9"]
[Result "1-0"]
[Date "2004.04.17"]
[WhiteElo "2146"]
[BlackElo "2068"]
[PlyCount "79"]
[EventDate "2004.04.12"]
[EventType "swiss"]
[EventRounds "9"]
[EventCountry "GER"]
[SourceTitle "EXT 2015"]
[Source "ChessBase"]
[SourceDate "2014.11.20"]
[SourceVersion "1"]
[SourceVersionDate "2014.11.20"]
[SourceQuality "1"]

1. c4 c5 2. g3 g6 3. Bg2 Bg7 4. Nc3 Nc6 5. a3 d6 6. Nf3 e6 7. b4 Nge7 8. Rb1 0-0 9. 0-0 a6 10. bxc5 dxc5 11. Na4 Qd6 12. Nb6 Rb8 13. d3 Rd8 14. Bd2 Bd7 15. Qb3 Nf5 16. Qa2 Nfd4 17. Nxd4 Nxd4 18. Bf4 Be5 19. Bg5 f6 20. Nxd7 Rxd7 21. Bc1 Qe7 22. a4 h5 23. h4 g5 24. hxg5 fxg5 25. Be4 Qf6 26. Kg2 Rg7 27. Rh1 Rf8 28. e3 Nf5 29. Rb6 h4 30. Rxe6 h3+ 31. Rxh3 Nh4+ 32. Kf1 Qxe6 33. Bd5 Qxd5 34. cxd5 Rgf7 35. gxh4 g4 36. Rh1 Bg3 37. f4 gxf3 38. Rg1 Rg7 39. d6+ Kh7 40. Qd5 1-0